Miller's glass antiques checklist / (Record no. 4011)

000 -LEADER
fixed length control field nam a22 a 4500
005 - DATE AND TIME OF LATEST TRANSACTION
control field 20170524154921.0
008 - FIXED-LENGTH DATA ELEMENTS--GENERAL INFORMATION
fixed length control field 170524b2000 enk||||| |||| 00| 0 eng d
020 ## - INTERNATIONAL STANDARD BOOK NUMBER
International Standard Book Number 1840002824 :
Terms of availability £9.99
040 ## - CATALOGING SOURCE
Original cataloging agency AKMAL
082 ## - DEWEY DECIMAL CLASSIFICATION NUMBER
Classification number 748 WES
090 ## - LOCALLY ASSIGNED LC-TYPE CALL NUMBER (OCLC); LOCAL CALL NUMBER (RLIN)
Classification number (OCLC) (R) ; Classification number, CALL (RLIN) (NR) 748
Local cutter number (OCLC) ; Book number/undivided call number, CALL (RLIN) WES
245 00 - TITLE STATEMENT
Title Miller's glass antiques checklist /
Statement of responsibility, etc. consultant: Mark West ; general editors: Judith and Martin Miller.
246 3# - VARYING FORM OF TITLE
Title proper/short title Glass antiques checklist
250 ## - EDITION STATEMENT
Edition statement New ed., with updated prices.
260 ## - PUBLICATION, DISTRIBUTION, ETC.
Place of publication, distribution, etc. London :
Name of publisher, distributor, etc. Miller's,
Date of publication, distribution, etc. 2000.
300 ## - PHYSICAL DESCRIPTION
Extent 192 p. :
Other physical details ill. (chiefly col.) ;
Dimensions 20 cm
504 ## - BIBLIOGRAPHY, ETC. NOTE
Bibliography, etc. note Includes bibliographical references and index.
599 ## - LOCAL NOTE
Local Note DALAM PROSES
650 ## - SUBJECT ADDED ENTRY--TOPICAL TERM
Topical term or geographic name entry element Glassware
General subdivision Collectors and collecting.
9 (RLIN) 7868
700 1# - ADDED ENTRY--PERSONAL NAME
Personal name West, Mark.
9 (RLIN) 7869
700 1# - ADDED ENTRY--PERSONAL NAME
Personal name Miller, Judith,
Dates associated with a name 1951-
9 (RLIN) 7420
700 1# - ADDED ENTRY--PERSONAL NAME
Personal name Miller, Martin,
Dates associated with a name 1946-2013.
9 (RLIN) 7425
942 ## - ADDED ENTRY ELEMENTS (KOHA)
Source of classification or shelving scheme
Koha item type Book
Holdings
Withdrawn status Lost status Source of classification or shelving scheme Damaged status Not for loan Collection code Home library Current library Shelving location Date acquired Inventory number Total Checkouts Full call number Barcode Date last seen Price effective from Koha item type
          NON-FICTION AKMAL Melaka AKMAL Melaka PINJAMAN 24.05.2017 700171   748 WES 201704848 24.05.2017 24.05.2017 Book
Pusat Sumber Maklumat Dato' Haji Sarmin Md Hussin, Akademi Kastam Diraja Malaysia, Melaka
Tel: 06-2331106 | Faks: 06-2313787